00257nam a2200097Ia 4500100003800000654001000038245004600048260004000094082001300134546001200147 aGeary/A & Lowry/ H.V/ Hayden/H.A  aMaths aMathematics For Technical Students Part I bEnglish language book societyc2001 a510bGEA aENGLISH